=LDR 00000nam 2200000 4500 =001 INLIS000000000049323 =005 20170209085035.0 =006 =007 =008 =020 ##$$a 978-979-3703-62-6 =035 ##$$0010-021700000000115 =040 ##$$a NBPDMAT =082 ##$$a 912.959 842 =090 ##$$a 912.959 842 $bAch a =100 ##$$a Achmad Chaldun =245 ##$$a Atlas tematik provinsi Sulawesi Utara $b: Administrasi, Sosial Budaya, Transportasi dan Perdagangan - Sumber daya Alam $c/ Achmad Chaldun; Achmad Rusdi =250 ##$$a Cet. 1 =260 ##$$a Surabaya $b Karya Pembina Swajaya $c 2007 =300 ##$$a 64 hlm. : $b ilus. ; $c 31 cm =500 ##$$a Indeks hlm : 63 =650 ##$$a Atlas Sulawesi Utara =700 ##$$a Achmad Rusdi =850 ##$$a NBPDMAT =990 ##$$a 21606043 =990 ##$$a 21606044 =990 ##$$a 21606045 =990 ##$$a 21606046